| 000 | 01016nam a2200301 i 4500 | ||
|---|---|---|---|
| 003 | EG-GICUC | ||
| 005 | 20260121101703.0 | ||
| 008 | 260108s1951 ua ||||fr|||| 000 0 ara d | ||
| 040 |
_a EG-GICUC _bara _c EG-GICUC _d EG-GICUC _erda |
||
| 041 | _aara | ||
| 082 | 0 | 4 |
_221 _a341.83 _bم ص . ق |
| 092 | 0 | 4 | _221 |
| 099 | _aLaw1 12 341.83 م ص . ق 1951 | ||
| 100 | 0 |
_aكامل منيب،مصطفي _eمشرف. |
|
| 245 | 0 | 0 |
_aقوانين الجنسية والاجانب / _cمصطفي كامل منيب. |
| 264 | 1 |
_aالقاهرة : _bدار الفكر العربي , _c1951 . |
|
| 300 |
_a188 صفحة ؛ _c24 سم |
||
| 336 |
_2rda content _atext |
||
| 337 |
_2rda media _aComputer |
||
| 338 |
_2rda carrier _aOnline Resource |
||
| 546 | _aالنص باللغة العربية | ||
| 650 | 1 | 4 | _aالقانون الدولي الخاص |
| 650 | 1 | 4 | _aالجنسية |
| 650 | 1 | 4 | _aالأجانب |
| 856 | 4 | 0 | _uhttps://fll.law.cu.edu.eg/fulltext/bks/B12-00424.pdf |
| 905 | _a59 | ||
| 942 |
_2ddc _cBK _e21 _n0 |
||
| 999 |
_c55538 _d55538 |
||